| 000 | 01002nam0a22002771 4500 | ||
|---|---|---|---|
| 001 | rc\3792570 | ||
| 005 | 20250530053912.0 | ||
| 021 |
_aRU _b[75-85926] |
||
| 035 | _a(NLR Aleph) 007252624 | ||
| 090 |
_a5221611 _c5221611 |
||
| 100 | _a20120311d1975 |||y0rusy50 ca | ||
| 101 | 0 | _arus | |
| 102 | _aRU | ||
| 105 | _aa z ||||| | ||
| 200 | 1 |
_aКровеносные капилляры _fК.А. Шошенко _gОтв. ред. д-р мед. наук А.Д. Слоним _gАкад. мед. наук СССР, Сиб. филиал, Ин-т физиологии |
|
| 210 |
_aНовосибирск _cНаука. Сиб. отд-ние _d1975 |
||
| 215 |
_a374 с. _cил. _d22 |
||
| 320 | _aСписок лит.: с. 314-371 | ||
| 606 |
_aКапилляры _2psbo |
||
| 700 | 1 |
_aШошенко _bК.А. _gКонстанция Антониновна |
|
| 702 | 1 |
_aСлоним _bА.Д. _4340 |
|
| 801 | 0 |
_aRU _bNLR _gpsbo |
|
| 801 | 1 |
_aRU _bELAR _2rusmarc |
|
| 852 |
_aNLR _j76-5/1973 |
||
| 942 | _cBOOK | ||
| 980 | _aNB | ||